LEADER 01338oam 2200445 450 001 9910708248803321 005 20170502141837.0 035 $a(CKB)3790000000047620 035 $a(OCoLC)50608911$z(OCoLC)889223041 035 $a(EXLCZ)993790000000047620 100 $a20020916d2000 ua 0 101 0 $aeng 135 $aurmnu|||uuaun 181 $ctxt$2rdacontent 182 $cc$2rdamedia 183 $acr$2rdacarrier 200 10$aCybercrime $ehearing before a subcommittee of the Committee on Appropriations, United States Senate; One Hundred Sixth Congress, second session; special hearing 210 1$aWashington :$cU.S. Government Printing Office,$d2000. 215 $a1 online resource (iii, 83 pages) 225 1 $aS. hrg. ;$v106-600 517 $aCybercrime 606 $aComputer crimes$zUnited States$xPrevention 606 $aComputer security$zUnited States 606 $aPrivacy, Right of$zUnited States 615 0$aComputer crimes$xPrevention. 615 0$aComputer security 615 0$aPrivacy, Right of 801 0$bBUF 801 1$bBUF 801 2$bOCLCQ 801 2$bOCLCF 801 2$bOCLCQ 801 2$bUBY 801 2$bOCLCQ 801 2$bCWCLL 801 2$bGPO 906 $aBOOK 912 $a9910708248803321 996 $aCybercrime$9736374 997 $aUNINA LEADER 04202nam 22006255 450 001 996543160303316 005 20240220143802.0 010 $a1-5261-4817-X 035 $a(CKB)5600000000079940 035 $a(DE-B1597)658804 035 $a(DE-B1597)9781526148179 035 $a(EXLCZ)995600000000079940 100 $a20230918h20212021 fg 101 0 $aeng 135 $aur||#|||||||| 181 $ctxt$2rdacontent 182 $cc$2rdamedia 183 $acr$2rdacarrier 200 00$aPost-everything $eAn intellectual history of post-concepts / /$fed. by Herman Paul, Adriaan van Veldhuizen 210 1$aManchester : :$cManchester University Press,$d[2021] 210 4$d©2021 215 $a1 online resource $c4 black & white illustrations 311 $a1-5261-4819-6 327 $tFront Matter --$tContents --$tList of figures --$tNotes on contributors --$tAcknowledgements --$tIntroduction --$tPart I: The emergence of a prefix (1930s-1960s) --$t1 'Our post-Christian age' --$t2 The post-secular in post-war American religious history --$t3 Defining the old, creating the new --$t4 The death and rebirth of 'postcapitalist society' --$tPart II: 'Post' rising to prominence (1970s-1990s) --$t5 Post-Keynesian --$t6 Lost in the post --$t7 The 'post' in literary postmodernism --$t8 From political reference to self-narration --$t9 The tradition of post-tradition --$tPart III: Contemporary post-constructions (2000s-present) --$t10 Busting the 'post'? --$t11 Posthumanism and the 'posterizing impulse' --$tEpilogue --$tIndex 330 $aThis electronic version has been made available under a Creative Commons (BY-NC-ND) open access license. Postmodern, postcolonial and post-truth are broadly used terms. But where do they come from? When and why did the habit of interpreting the world in post-terms emerge? And who exactly were the 'post boys' responsible for this?Post-everything examines why post-Christian, post-industrial and post-bourgeois were terms that resonated, not only among academics, but also in the popular press. It delves into the historical roots of postmodern and poststructuralist, while also subjecting more recent post-constructions (posthumanist, postfeminist) to critical scrutiny.This study is the first to offer a comprehensive history of post-concepts. In tracing how these concepts found their way into a broad range of genres and disciplines, Post-everything contributes to a rapprochement between the history of the humanities and the history of the social sciences. 610 $aConceptual history. 610 $aHistoricism. 610 $aIntellectual history. 610 $aPerformativity. 610 $aPost-colonialism. 610 $aPost-concepts. 610 $aPost-truth. 610 $aPostmodernism. 610 $aPrefixes. 610 $aTransnationalism. 702 $aBackhouse$b Roger E.$4ctb$4https://id.loc.gov/vocabulary/relators/ctb 702 $aBaring$b Edward$4ctb$4https://id.loc.gov/vocabulary/relators/ctb 702 $aBertens$b Hans$4ctb$4https://id.loc.gov/vocabulary/relators/ctb 702 $aBrick$b Howard$4ctb$4https://id.loc.gov/vocabulary/relators/ctb 702 $aGaston$b K. Healan$4ctb$4https://id.loc.gov/vocabulary/relators/ctb 702 $aGenz$b Stéphanie$4ctb$4https://id.loc.gov/vocabulary/relators/ctb 702 $aJansen$b Yolande$4ctb$4https://id.loc.gov/vocabulary/relators/ctb 702 $aLeeuwenkamp$b Jasmijn$4ctb$4https://id.loc.gov/vocabulary/relators/ctb 702 $aPaul$b Herman$4ctb$4https://id.loc.gov/vocabulary/relators/ctb 702 $aPaul$b Herman$4edt$4http://id.loc.gov/vocabulary/relators/edt. 702 $aSartori$b Andrew$4ctb$4https://id.loc.gov/vocabulary/relators/ctb 702 $aTurner$b Stephen$4ctb$4https://id.loc.gov/vocabulary/relators/ctb 702 $aUrricelqui$b Leire$4ctb$4https://id.loc.gov/vocabulary/relators/ctb 702 $aVeldhuizen$b Adriaan van$4edt$4http://id.loc.gov/vocabulary/relators/edt. 702 $avan Veldhuizen$b Adriaan$4ctb$4https://id.loc.gov/vocabulary/relators/ctb 801 0$bDE-B1597 801 1$bDE-B1597 906 $aBOOK 912 $a996543160303316 997 $aUNISA LEADER 01219nas 2200421- 450 001 9910587471403321 005 20221125213018.0 011 $a2693-8499 035 $a(OCoLC)1192495597 035 $a(CKB)5680000000031816 035 $a(CONSER)--2020203050 035 $a(DE-599)ZDB3133801-X 035 $a(EXLCZ)995680000000031816 100 $a20200902a20219999 --- a 101 0 $aeng 135 $aur||||||||||| 181 $ctxt$2rdacontent 182 $cc$2rdamedia 183 $acr$2rdacarrier 200 00$aCardiology discovery 210 1$a[New York, NY] :$cWolters Kluwer Health, Inc.,$d[2021]- 300 $aPer Wolters Kluwer contact, local print edition published in China only. 300 $aRefereed/Peer-reviewed 311 08$a2096-952X 531 0 $aCardiol. discov. 606 $aCardiology$vPeriodicals 606 $aCardiology 606 $aCardiology$2fast$3(OCoLC)fst00847121 608 $aPeriodicals.$2fast 615 0$aCardiology 615 12$aCardiology. 615 7$aCardiology. 676 $a616.1/2 712 02$aChinese Society of Cardiology, 906 $aJOURNAL 912 $a9910587471403321 996 $aCardiology discovery$92906598 997 $aUNINA LEADER 04225nam 2200793Ia 450 001 9910140011703321 005 20200520144314.0 010 $a9786612401817 010 $a9781282401815 010 $a1282401815 010 $a9789048510511 010 $a9048510511 024 8 $a10.5117/9789089641274 035 $a(CKB)1000000000807905 035 $a(EBL)474241 035 $a(OCoLC)476295784 035 $a(SSID)ssj0000338886 035 $a(PQKBManifestationID)11243100 035 $a(PQKBTitleCode)TC0000338886 035 $a(PQKBWorkID)10298055 035 $a(PQKB)10836051 035 $a(MiAaPQ)EBC474241 035 $a(Au-PeEL)EBL474241 035 $a(CaPaEBR)ebr10346700 035 $a(CaONFJC)MIL240181 035 $a(PPN)158029429 035 $a(ScCtBLL)c2e3c9c8-c381-4083-ab68-0edbe3553cb2 035 $a(OCoLC)1159391832 035 $a(EXLCZ)991000000000807905 100 $a20091002d2009 uy 0 101 0 $aeng 135 $aur|n|---||||| 181 $ctxt 182 $cc 183 $acr 200 00$aIdentity in crossroad civilisations $eethnicity, nationalism and globalism in Asia /$fedited by Erich Kolig, Vivienne SM. Angeles and Sam Wong 205 $a1st ed. 210 $aAmsterdam $cAmsterdam University Press$dc2009 215 $a1 online resource (263 p.) 225 1 $aICAS publications series. Edited volumes ;$v8 300 $aDescription based upon print version of record. 311 08$a9789089641274 311 08$a9089641270 320 $aIncludes bibliographical references (p. [245]-259). 327 $aTable of Contents; List of Tables and Plates; 1. Introduction: Crossroad Civilisations and Bricolage Identities; 2. Asia and the Global World: Identities, Values, Rights; 3. Creating 'Malaysians': A Case Study of an Urban kampung in Kota Kinabalu, Sabah, Malaysia; 4. Ethnic Mosaic and the Cultural Nationalism of Bhutan; 5. Religion and Cultural Nationalism: Socio-Political Dynamism of Communal Violence in India; 6. Is Identity Clash Inevitable? Identity and Network Building amongst mainland Chinese Migrants in Hong Kong 327 $a7. Socio-Economic Crisis and Its Consequences on a Little Known Tribal Community in West Bengal, India8. Post-Colonialism, Globalism, Nativism: Reinventing English in a Post-Colonial Space; 9. Occidentalism and Asian Middle-Class Identities: Notes on Birthday Cakes in an Indian Context; 10. Ode to 'Personal Challenge': Reconsidering Japanese Groupism and the Role of Beethoven's Ninth in Catering to Socio-Cultural Needs; 11. Performing Cosmopolitan Clash and Collage: Krishen Jit's Stagings of the 'Stranger' in Malaysia 327 $a12. Constructing Identity: Visual Expressions of Islam in the Predominantly Catholic Philippines13. Islam and Orientalism in New Zealand: The Challenges of Multiculturalism, Human Rights and National Security- and the Return of the Xenophobes; Contributors; References 330 $aBased on multi-disciplinary studies conducted in Asia (India, Bhutan, China, Japan, Malaysia, Philippines, New Zealand), this volume on Identity in Crossroad Civilisations: Ethnicity, Nationalism and Globalism in Asia demonstrates how identity is defined, negotiated and conceptualised in response to increasing globalisation in the region. Asian expressions of identity reflect, in many ways, their adaptability to the changing economic, political and social climates and at the same time question Samuel Huntington's popular yet controversial thesis on the clash of civilisations. This book also en 410 0$aICAS publication series.$pEdited volumes ;$v8. 606 $aEthnology$zAsia 606 $aEthnicity$zAsia 606 $aNationalism 606 $aGlobalization 615 0$aEthnology 615 0$aEthnicity 615 0$aNationalism. 615 0$aGlobalization. 676 $a301 676 $a306.095 701 $aKolig$b Erich$0863997 701 $aAngeles$b Vivienne S. M.$f1944-$0929744 701 $aWong$b Sam$0800929 801 0$bMiAaPQ 801 1$bMiAaPQ 801 2$bMiAaPQ 906 $aBOOK 912 $a9910140011703321 996 $aIdentity in crossroad civilisations$92089974 997 $aUNINA LEADER 06624oam 2200397z- 450 001 9910583075903321 005 20250725025730.0 010 $a0-323-40172-4 035 $a(CKB)3150000000024065 035 $a(VLeBooks)9780323401722 035 $a(EXLCZ)993150000000024065 100 $a20180122h20182018 uy| 0 101 0 $aeng 135 $aur|n||||||||| 181 $2rdacontent 182 $2rdamedia 183 $2rdacarrier 200 $aAvery's Diseases of the Newborn 205 $aEleven edition. 210 $cElsevier$d2024 210 1$aPhiladelphia, PA :$cElsevier,$d[2024] 215 $a1 recurso en li?nea 300 $aRevised edition of: Avery's diseases of the newborn / [edited by] Christine A. Gleason, Sherin U. Devaskar. 9th ed. ©2012. 311 1 $a0-323-40139-2 320 $aIncludes bibliographical references. 327 $aPart I: Overview. Neonatal and perinatal epidemiology -- Biomedical informatics in neonatology -- Ethics, data, and policy in newborn intensive care -- Global neonatal health -- Part II: Fetal growth and development. The placenta -- Abnormalities of fetal growth -- Multiple gestations and assisted reproductive technology (ART) -- Prematurity and stillbirth -- Nonimmune hydrops -- Part III: Maternal health. Maternal diabetes -- Maternal medical disorders of fetal significance -- Hypertensive complications of pregnancy -- Prenatal drug exposure -- Part IV: Labor and delivery. Antepartum fetal assessment -- Complicated deliveries -- Obstetric analgesia and anesthesia -- Part V: Genetics. The human genome and neonatal care -- Prenatal diagnosis -- The dysmorphic infant -- Chromosome disorders -- Part VI: Metabolic disorders of the newborn. Introduction to metabolic and biochemical genetic diseases -- Inborn errors of carbohydrate, ammonia, amino acid, and organic acid metabolism -- Lysosomal storage, peroxisomal, and glycosylation disorders and Smith-Lemli-Opitz syndrome presenting in the neonate -- Part VII: Basic newborn care. Newborn resuscitation -- Newborn evaluation -- Newborn nursery care -- Newborn screening -- Part VIII: High-risk newborn care. Infant transport -- Temperature regulation -- Fluid, electrolyte and acid-base balance -- Extremely low-birth-weight infants -- Late preterm infants -- Neonatal pharmacology -- Neonatal pain and stress -- Palliative care -- Part IX: Immunology and infections. Immunology of the fetus and newborn -- Viral infections of the fetus and newborn -- Toxoplasmosis, syphilis, malaria, and tuberculosis -- Newborn sepsis and meningitis -- Nosocomial infections -- Fungal infections -- Part X: Respiratory system. Lung development -- Control of breathing -- Neonatal pulmonary physiology -- Neonatal respiratory therapy -- Respiratory disorders in the preterm infant -- Respiratory disorders in the term infant -- Bronchopulmonary dysplasia -- Surgical disorders of the chest and airways -- Part XI: Cardiovascular system. Developmental biology of the heart -- Cardiovascular compromise in the newborn -- Persistent pulmonary hypertension -- Fetal and neonatal echocardiography -- Patent ductus arteriosus in the preterm infant -- Congenital heart disease -- Perinatal arrhythmias -- Long-term neurologic outcomes in children with congenital heart disease -- Part XII: Neurologic system. Central nervous system development -- Congenital malformations of the central nervous system -- Brain injury in the preterm infant -- Brain injury in the term infant -- Neuroprotection strategies for the newborn -- Neonatal neuroimaging -- Neonatal neuromuscular disorders -- Neonatal seizures -- Risk assessment and neurodevelopmental outcomes -- Part XIII: Nutrition. Breastfeeding -- Enteral nutrition for the high-risk neonate -- Parenteral nutrition for the high-risk neonate -- Part XIV: Gastrointestinal system. Gastrointestinal tract development -- Structural anomalies of the gastrointestinal tract -- Innate and mucosal immunity in the developing gi tract -- Abdominal wall defects -- Neonatal gastroesopheageal reflux -- The intestinal microbiome -- Necrotizing enterocolitis and short bowel syndrome -- Disorders of the liver -- Part XV: Hematologic system and disorders of bilirubin metabolism. Developmental hematology -- Neonatal thrombotic disorders -- Neonatal platelet disorders -- Neonatal erythrocyte disorders -- Neonatal transfusion -- Neonatal leukocyte disorders -- Neonatal indirect hyperbilirubinemia and kernicterus -- Part XVI: Neoplasia. Congenital malignant disorders -- Part XVII: Renal and genitourinary systems. Renal development -- Developmental abnormalities of the kidneys -- Developmental abnormalities of the genitourinary system -- Clinical evaluation of renal and urinary tract disease -- Acute kidney injury and chronic kidney disease -- Glomerulonephropathies and disorders of tubular function -- Urinary tract infections -- Neonatal hypertension -- Part XVIII: Endocrine disorders. Developmental endocrinology -- Disorders of calcium and phosphorus metabolism -- Disorders of the adrenal gland -- Disorders of sexual differentiation -- Disorders of the thyroid gland -- Disorders of carbohydrate metabolism -- Part XIX: Craniofacial and orthopedic conditions. Craniofacial malformations -- Common neonatal orthopedic conditions -- Skeletal dysplasias and connective tissue disorders -- Part XX: Dermatologic conditions. Newborn skin: development and basic concepts -- Congenital and hereditary disorders of the skin -- Infections of the skin -- Common newborn dermatoses -- Cutaneous congenital defects -- Part XXI: The eye and ear. The eye and vision disorders -- The ear and hearing disorders. 330 $a"Covering the evaluation and management of every key disease and condition affecting newborns, Avery's Diseases of the Newborn, by Drs. Christine A. Gleason and Sandra E. Juul, remains your #1 source for practical, clinically relevant information in this fast-changing field. You'll find the specific strategies you need to confidently diagnose and treat this unique patient population, in a full-color, easy-to-use single volume that focuses on key areas of practice. Now in a thoroughly revised 10th Edition, this highly respected reference is an authoritative clinical resource for neonatal practitioners"--Publisher's description. 606 $aNewborn infants$xDiseases 615 0$aNewborn infants$xDiseases. 676 $a618.9201 701 $aGleason$b Christine A$01748867 701 $aJuul$b Sandra E$01748868 906 $aBOOK 912 $a9910583075903321 996 $aAvery's Diseases of the Newborn$94182370 997 $aUNINA LEADER 03999nam 22006731 450 001 9910957727603321 005 20130219140814.0 010 $a9781472541864 010 $a1472541863 010 $a9781441153685 010 $a1441153683 024 7 $a10.5040/9781472541864 035 $a(CKB)2670000000342078 035 $a(EBL)1164278 035 $a(OCoLC)836401745 035 $a(SSID)ssj0000855780 035 $a(PQKBManifestationID)11943608 035 $a(PQKBTitleCode)TC0000855780 035 $a(PQKBWorkID)10792299 035 $a(PQKB)11551186 035 $a(MiAaPQ)EBC1164278 035 $a(OCoLC)944225394 035 $a(UtOrBLW)bpp09256548 035 $a(UtOrBLW)BP9781472541864BC 035 $a(EXLCZ)992670000000342078 100 $a20140929d2013 uy 0 101 0 $aeng 135 $aur|n|---||||| 181 $ctxt 182 $cc 183 $acr 200 10$aAutonomy and foreign language learning in a virtual learning environment /$fMiranda Hamilton 210 1$aLondon ;$aNew York :$cBloomsbury Academic, An imprint of Bloomsbury Pub. Plc,$d2013. 215 $a1 online resource (257 p.) 225 0 $aAdvances in digital language learning and teaching 300 $aDescription based upon print version of record. 311 08$a9781472589767 311 08$a1472589769 311 08$a9781441150646 311 08$a1441150641 320 $aIncludes bibliographical references and index. 327 $aParadox and promise: autonomy, Foreign Language Learning And Technology -- Understanding Autonomy: An Overview -- Technology: Virtual Promise or Virtual Reality The Pedagogical Challenge -- Shadow Dancing: Autonomy in Action -- Student Reflections On Aspects Of Their Current EFL Learning Environment -- Perceptions And Reality 1: Students' Response To Using a VLE in Computer Room Lessons -- Perceptions And Reality 2: Beyond The Classroom Students Free Time Use of the VLE Beyond The Classroom -- An Ecological Perspective Of Autonomy, Foreign Language Learning and Technology -- Looking Back, Thinking Forwards. 330 $a"Digitalised learning with its promise of autonomy, enhanced learner choice, independence and freedom, is an intuitive and appealing construct but closer examination reveals it to be a rather simplistic proposition, raising the following questions. -What do we mean by autonomy? ; -What are we implying about the role of the teacher, the classroom, and interaction between learners? ; -What do we understand about the impact of technology on the ecology of the learning environment? This book describes the use of a Virtual Learning Environment (VLE) by a group of advanced English language learners in Mexico, comparing what students thought and what they did in response to the technology. The theoretical aim of the book is to work towards the construction of a theory of the development of autonomy and virtual learning in an EFL context. Enhanced understanding about the relationship between autonomy and technology has the potential to inform academics, software designers, materials writers, teacher educators, and teachers and to help learners in their quest to acquire a foreign language."--Bloomsbury Publishing. 410 0$aAdvances in digital language learning and teaching. 606 $aEducational technology 606 $aLanguage and languages$xComputer-assisted instruction 606 $aLanguage and languages$xStudy and teaching$xTechnological innovations 606 $2Language acquisition 615 0$aEducational technology. 615 0$aLanguage and languages$xComputer-assisted instruction. 615 0$aLanguage and languages$xStudy and teaching$xTechnological innovations. 676 $a418.0078 700 $aHamilton$b Miranda$01796216 801 0$bUtOrBLW 801 1$bUtOrBLW 906 $aBOOK 912 $a9910957727603321 996 $aAutonomy and foreign language learning in a virtual learning environment$94337891 997 $aUNINA